Aprender diferente : (Record no. 167400)

MARC details
000 -CABECERA
campo de control de longitud fija 00746nam a2200217 a 4500
005 - FECHA Y HORA DE LA ÚLTIMA TRANSACCIÓN
campo de control 20250221063802.0
008 - ELEMENTOS DE LONGITUD FIJA--INFORMACIÓN GENERAL
campo de control de longitud fija 140128s2013 mx r 000 0 spa d
020 ## - NÚMERO INTERNACIONAL NORMALIZADO PARA LIBROS
Número Internacional Estándar del Libro 9789875913578
035 ## - NÚMERO DE CONTROL DEL SISTEMA
Número de control de sistema UPN01000195299
049 ## - COLECCIÓN
Colección CG
050 #4 - SIGNATURA TOPOGRÁFICA DE LA BIBLIOTECA DEL CONGRESO
Número de clasificación LC1200
Número de documento/Ítem E7.2
100 1# - ASIENTO PRINCIPAL--NOMBRE PERSONAL
Nombre de persona Escobedo, Luz María
9 (RLIN) 34945
245 10 - MENCIÓN DE TÍTULO
Título Aprender diferente :
Resto del título cómo tener un salón de clase integrado donde todos participan y aprenden /
Mención de responsabilidad, etc. Luz María Escobedo.
260 ## - PUBLICACIÓN, DISTRIBUCIÓN, ETC.
Lugar de publicación, distribución, etc. Córdoba, Arg. :
Nombre del editor, distribuidor, etc. Pax-México :
-- Brujas,
Fecha de publicación, distribución, etc. 2013.
300 ## - DESCRIPCIÓN FÍSICA
Extensión 121 p. :
Otras características físicas il. +
Material acompañante/anejo 1 CD-ROM ; 4 3/4 plg.
500 ## - NOTA GENERAL
Nota general El CD-ROM, solicítalo en el Mostrador de Préstamo
650 #4 - ASIENTO SECUNDARIO DE MATERIA - TERMINO TEMATICO
Término de materia o nombre geográfico como elemento de entrada Educación inclusiva
9 (RLIN) 7100
650 #4 - ASIENTO SECUNDARIO DE MATERIA - TERMINO TEMATICO
Término de materia o nombre geográfico como elemento de entrada Integración escolar
9 (RLIN) 306
905 ## - TIPO DE MATERIAL
Tipo de material Libro
Holdings
Estado de retiro Estado de pérdida Fuente del sistema de clasificación o colocación Estado dañado No para préstamo Código de colección Localización permanente Ubicación/localización actual Ubicación en estantería Total de préstamos Clasificación Código de barras Fecha visto por última vez Número de copia Tipo de ítem Koha Fecha de adquisición Fecha del último préstamo Precio válido a partir de Nota pública
    Library of Congress Classification     Colección General Bib. Gregorio Torres Quintero Bib. Gregorio Torres Quintero Planta baja 7 LC1200 E7.2 294427 31/12/2020 1 Libro        
    Library of Congress Classification     Colección General Bib. Gregorio Torres Quintero Bib. Gregorio Torres Quintero Planta baja   LC1200 E7.2 294426 31/12/2020 1 Formato Digital 02/03/2022      
    Library of Congress Classification     Colección General Bib. Gregorio Torres Quintero Bib. Gregorio Torres Quintero Planta baja 7 LC1200 E7.2 294425 26/09/2022 1 Libro 01/09/2022 01/09/2022    
    Library of Congress Classification     Colección General Bib. Gregorio Torres Quintero Bib. Gregorio Torres Quintero Planta baja   LC1200 E7.2 294424 31/12/2020 1 Formato Digital 02/03/2022      
    Library of Congress Classification     Colección General Bib. Gregorio Torres Quintero Bib. Gregorio Torres Quintero Planta baja 7 LC1200 E7.2 294423 21/11/2023 1 Libro 09/11/2023 09/11/2023    
    Library of Congress Classification     Colección General Bib. Gregorio Torres Quintero Bib. Gregorio Torres Quintero Planta baja   LC1200 E7.2 294428 31/12/2020 1 Formato Digital 02/03/2022      
    Library of Congress Classification     Materiales complementarios y otros recursos electrónicos  Bib. Gregorio Torres Quintero Bib. Gregorio Torres Quintero Mostrador de préstamo Planta baja   LC1200 E7.2 339577 25/09/2024 Ej.2 Disco Compacto 25/09/2024   25/09/2024 Solicítalo en el mostrador de préstamo
    Library of Congress Classification     Materiales complementarios y otros recursos electrónicos  Bib. Gregorio Torres Quintero Bib. Gregorio Torres Quintero Mostrador de préstamo Planta baja   LC1200 E7.2 339715 25/09/2024 Ej.3 Disco Compacto 25/09/2024   25/09/2024 Solicítalo en el mostrador de préstamo